| 000 | 00768nam a2200205 a 4500 | ||
|---|---|---|---|
| 001 | 000007268 | ||
| 005 | 20251020133340.0 | ||
| 008 | 090907s2005 dr a 000 0 spa d | ||
| 040 |
_aDO-SdBNP _bspa _cBNPHU |
||
| 082 |
_a616.12 _bC267a |
||
| 245 | 0 | 0 |
_aCardiología en atención primaria / _ceditor y coautor Claudio Almonte Germán...[et.al.] ; prólogo Miguel Arias. |
| 260 |
_aSanto Domingo : _bSociedad Dominicana de Cardiología, _c2005. |
||
| 300 |
_axvii, 270 p. : _bil. ; _c24 cm. |
||
| 500 | _aIncluye referencias bibliográficas y notas al pie de las páginas | ||
| 590 | _aInventariado, 2018/LP | ||
| 650 | 0 |
_aCardiología _93561 |
|
| 650 | 4 |
_aHipertensión _920166 |
|
| 650 | 0 |
_aAtención primaria de salud _920167 |
|
| 700 | 1 |
_aArias, Miguel, _epról. _920168 |
|
| 999 |
_c7049 _d7049 |
||